000 00514nam a2200169Ia 4500
005 20250423100925.0
008 250422s9999 xx 000 0 und d
020 _a9781846193651
050 _aR 727.3 .J66/
100 _aSilverman, Jonathan... [et al.].
245 0 _aSkills for communicating with patients
250 _a3rd ed.
260 _c2013
300 _a305 p
650 _aMedical personnel and patient. Physician and patient. Interpersonal communication. Communication in medicine.
942 _cBK
999 _c34756
_d34756